Fr. Conceicao Rodrigues College of Engineering

Pagemaker 5 by example (Record no. 32063)

MARC details
000 -LEADER
fixed length control field 00279nam a2200133Ia 4500
100 ## - MAIN ENTRY--PERSONAL NAME
Personal name Webster & Associates
245 ## - TITLE STATEMENT
Title Pagemaker 5 by example
260 ## - PUBLICATION, DISTRIBUTION, ETC.
Name of publisher, distributor, etc. BPB Publication
Date of publication, distribution, etc. 1994
300 ## - PHYSICAL DESCRIPTION
Extent 578
546 ## - LANGUAGE NOTE
Language note ENGLISH
654 ## - SUBJECT ADDED ENTRY--FACETED TOPICAL TERMS
Focus term pagemaker 5
942 ## - ADDED ENTRY ELEMENTS (KOHA)
Koha item type BOOK
Holdings
Withdrawn status Lost status Damaged status Not for loan Collection Home library Current library Shelving location Date acquired Total Checkouts Full call number Barcode Date last seen Price effective from Koha item type
        ITI Fr. Agnel's C.Rodrigues College of Engineering Fr. Agnel's C.Rodrigues College of Engineering   17/03/2023   ITI395 17/03/2023 17/03/2023 BOOK